000 00299nam a2200097Ia 4500
005 20251222114417.0
008 251222s1900||||xx |||||||||||||| ||spa||
082 _aDVD0111/P26/2005
245 0 _aWallace y Gromit: la batalla de los vegetales:Wallace and Gromit: The Curse of the Were-Rabbit
942 _cDVD
999 _c2255
_d2255